00390nam a2200157Ia 45000010006000000050017000060080041000230410008000640820017000721000045000892450043001342600009001773000030001866500008002166540008002242478020260414151106.0260414t2003||||xx |||||||||||||| ||spa|| aESP a345.733bS17 aSalazar Puente de la Vega, MercedeseAUT 0aApuntes sobre la función notarial b c2003 a116 páginas : c20 cm.  aDER aCDE